किन्नर कथा / (Record no. 53906)

MARC details
000 -LEADER
fixed length control field 02235nam a22003377a 4500
005 - DATE AND TIME OF LATEST TRANSACTION
control field 20101206113148.0
008 - FIXED-LENGTH DATA ELEMENTS--GENERAL INFORMATION
fixed length control field 101206t xxu||||| |||| 00| 0 hin d
010 ## - LCCN (DPL NO)
LC control number HIN-93205 B-486075-077
020 ## - INTERNATIONAL STANDARD BOOK NUMBER
Terms of availability 300.00
International Standard Book Number 9789380458298
035 ## - SYSTEM CONTROL NUMBER
System control number HN-65551 B-486075-077
037 ## - SOURCE OF ACQUISITION
Source of stock number/acquisition DBAD/PUB
037 ## - SOURCE OF ACQUISITION
Source of stock number/acquisition विर्चुअस पब्लिकेशंस
040 ## - CATALOGING SOURCE
Original cataloging agency DPL
Language of cataloging HN
082 ## - DEWEY DECIMAL CLASSIFICATION NUMBER
Classification number
100 ## - MAIN ENTRY--PERSONAL NAME
9 (RLIN) 24598
Personal name महेन्द्र भीष्म
245 ## - TITLE STATEMENT
Title किन्नर कथा /
Statement of responsibility, etc महेन्द्र भीष्म
246 ## - VARYING FORM OF TITLE
Title proper/short title Kinnar Katha
Remainder of title by Mahendra Bhishm
260 ## - PUBLICATION, DISTRIBUTION, ETC. (IMPRINT)
Place of publication, distribution, etc नई दिल्ली
Name of publisher, distributor, etc सामयिक बुक्स
Date of publication, distribution, etc 2011
270 ## - ADDRESS
City नई दिल्ली
Address 3320-21, जटवाड़ा, दरियागंज,एन.एस.मार्ग
Postal code 110002
300 ## - PHYSICAL DESCRIPTION
Extent 192पृ.
Dimensions 22सेमी (सजिल्द)
650 ## - SUBJECT ADDED ENTRY--TOPICAL TERM
9 (RLIN) 1169
Topical term or geographic name as entry element हिन्दी कथा साहित्य
650 ## - SUBJECT ADDED ENTRY--TOPICAL TERM
9 (RLIN) 29580
Topical term or geographic name as entry element Hindi Novel
700 ## - ADDED ENTRY--PERSONAL NAME
9 (RLIN) 24599
700 ## - ADDED ENTRY--PERSONAL NAME
9 (RLIN) 24924
942 ## - ADDED ENTRY ELEMENTS (KOHA)
Source of classification or shelving scheme Dewey Decimal Classification
Item type Hindi Books
Call number suffix महेन्द्र
Classification part
Holdings
Withdrawn status Lost status Source of classification or shelving scheme Damaged status Not for loan Collection code Home library Current library Date acquired Source of acquisition Cost, normal purchase price Total Checkouts Full call number Barcode Date last seen Copy number Cost, replacement price Koha item type Total Renewals
    Dewey Decimal Classification     Fiction Bawana Bawana 21/12/2012 विर्चुअस पब्लिकेशंस/1123/21.08.12/5/27.07.12/13.09.12 300.00 3 उ महेन्द्र B-486076 05/08/2019 1 300.00 Hindi Books  
    Dewey Decimal Classification     Fiction Central Library Central Library 21/12/2012 विर्चुअस पब्लिकेशंस/1123/21.08.12/5/27.07.12/13.09.12 300.00 12 उ महेन्द्र B-486075 25/09/2019 1 300.00 Hindi Books 1
    Dewey Decimal Classification   Not For Loan Fiction D.B.Act.Division D.B.Act.Division 15/07/2011 DBAD / PUB 300.00   उ महेन्द्र HN-65551 15/07/2011 1 300.00 Hindi Books  
    Dewey Decimal Classification     Fiction Shahdara Branch Shahdara Branch 21/12/2012 विर्चुअस पब्लिकेशंस/1123/21.08.12/5/27.07.12/13.09.12 300.00 2 उ महेन्द्र B-486077 27/04/2022 1 300.00 Hindi Books  

© Delhi Public Library
Hit Counter
free hit counter